[Event "BIH-chT2"]
[Site "Neum"]
[Date "2003.08.26"]
[Round "5"]
[White "Bilalic, Merim"]
[Black "Rasic, Damir"]
[Result "0-1"]
[WhiteElo "2297"]
[BlackElo "2330"]
[PlyCount "66"]
[EventDate "2003.08.23"]
[EventType "team"]
[EventRounds "9"]
[EventCountry "BIH"]
[SourceTitle "EXT 2004"]
[Source "ChessBase"]
[SourceDate "2003.11.25"]
[SourceVersion "1"]
[SourceVersionDate "2003.11.25"]
[SourceQuality "1"]

1. e4 e6 2. d3 d5 3. Nd2 c5 4. g3 Nc6 5. Bg2 Nf6 6. Ngf3 e5 7. 0-0 Be7 8. exd5 Nxd5 9. Nc4 f6 10. Nh4 0-0 11. Ne3 Nxe3 12. fxe3 f5 13. Qh5 Bxh4 14. gxh4 Be6 15. Bh3 Rf6 16. Kh1 Rh6 17. Qe2 Qd7 18. h5 g6 19. Bg2 Rxh5 20. Rg1 Kh8 21. Bf3 Bd5 22. e4 Nd4 23. Qg2 Nxf3 24. Qxf3 Bc6 25. Rg5 fxe4 26. dxe4 Rh4 27. Rxe5 Rxe4 28. Rxe4 Re8 29. Qf6+ Kg8 30. Bh6 Bxe4+ 31. Kg1 Qg4+ 32. Kf2 Qg2+ 33. Ke3 Bf5+ 0-1

[Event "BIH-chT2"]
[Site "Neum"]
[Date "2003.08.24"]
[Round "2"]
[White "Rasic, Damir"]
[Black "Bajramovic, Halid"]
[Result "1-0"]
[WhiteElo "2330"]
[BlackElo "2263"]
[PlyCount "116"]
[EventDate "2003.08.23"]
[EventType "team"]
[EventRounds "9"]
[EventCountry "BIH"]
[SourceTitle "EXT 2004"]
[Source "ChessBase"]
[SourceDate "2003.11.25"]
[SourceVersion "1"]
[SourceVersionDate "2003.11.25"]
[SourceQuality "1"]

1. e4 g6 2. d4 Bg7 3. Nf3 d6 4. h3 Nf6 5. Nc3 0-0 6. Be3 c6 7. a4 Re8 8. Bc4 d5 9. Bb3 dxe4 10. Ng5 Nd5 11. Ncxe4 Nd7 12. 0-0 N7f6 13. Bc1 Nxe4 14. Nxe4 Bf5 15. Ng3 Be6 16. c3 Rc8 17. Re1 Qa5 18. Ne4 Rcd8 19. Bd2 Qc7 20. Qf3 h6 21. Rad1 a5 22. Nc5 Bf5 23. Nd3 Bxd3 24. Qxd3 e5 25. dxe5 Bxe5 26. Qf3 Kh7 27. Bc1 Bh2+ 28. Kh1 Rxe1+ 29. Rxe1 Bf4 30. Bxd5 Bxc1 31. Bxf7 Qf4 32. Qxf4 Bxf4 33. g3 Bg5 34. h4 Bf6 35. Re2 Kg7 36. Bb3 b5 37. Kg2 Rb8 38. Bc2 b4 39. cxb4 axb4 40. b3 Rd8 41. Re6 c5 42. Rc6 Rd2 43. Rc7+ Kg8 44. Bxg6 Bd4 45. Rf7 c4 46. bxc4 b3 47. Rb7 Rxf2+ 48. Kh3 b2 49. Be4 Re2 50. Bf5 Re3 51. Kg2 Ra3 52. Rb4 Kg7 53. g4 Kf6 54. Kf1 Ke5 55. h5 Kf4 56. Ke2 Bc3 57. Rb6 Rxa4 58. c5 Bd4 1-0

[Event "Riviera IM"]
[Site "Opatija"]
[Date "2003.05.04"]
[Round "5"]
[White "Makaj, Marko"]
[Black "Rasic, Damir"]
[Result "1/2-1/2"]
[WhiteElo "2153"]
[BlackElo "2337"]
[PlyCount "70"]
[EventDate "2003.05.02"]
[EventType "tourn"]
[EventRounds "15"]
[EventCountry "CRO"]
[EventCategory "1"]
[SourceTitle "CBM 094 Extra"]
[Source "ChessBase"]
[SourceDate "2003.07.09"]
[SourceVersion "2"]
[SourceVersionDate "2003.07.09"]
[SourceQuality "1"]

1. Nf3 Nf6 2. c4 g6 3. Nc3 Bg7 4. g3 0-0 5. Bg2 d6 6. 0-0 e5 7. d3 Nc6 8. Rb1 Be6 9. Ng5 Bd7 10. b4 h6 11. Nf3 Be6 12. b5 Ne7 13. Qc2 Nd7 14. Nd2 Rb8 15. Ba3 f5 16. Nd5 g5 17. Nb3 b6 18. Nxe7+ Qxe7 19. Nd2 Nc5 20. Bxc5 bxc5 21. Rb3 f4 22. Ra3 h5 23. Rxa7 h4 24. a4 hxg3 25. hxg3 fxg3 26. fxg3 e4 27. e3 exd3 28. Qxd3 Rbd8 29. Rxf8+ Kxf8 30. Ra8 Rxa8 31. Bxa8 Qf6 32. Bg2 Ke7 33. Bd5 Bf5 34. Be4 Be6 35. Bd5 Bf5 1/2-1/2

[Event "Riviera IM"]
[Site "Opatija"]
[Date "2003.05.02"]
[Round "1"]
[White "Zelenika, Srdjan"]
[Black "Rasic, Damir"]
[Result "1/2-1/2"]
[WhiteElo "2354"]
[BlackElo "2337"]
[PlyCount "21"]
[EventDate "2003.05.02"]
[EventType "tourn"]
[EventRounds "15"]
[EventCountry "CRO"]
[EventCategory "1"]
[SourceTitle "CBM 094 Extra"]
[Source "ChessBase"]
[SourceDate "2003.07.09"]
[SourceVersion "2"]
[SourceVersionDate "2003.07.09"]
[SourceQuality "1"]

1. e4 c5 2. Nf3 d6 3. d4 cxd4 4. Nxd4 Nf6 5. Nc3 a6 6. Be2 e5 7. Nb3 Be7 8. 0-0 0-0 9. a4 Be6 10. Re1 Nc6 11. Bf1 1/2-1/2

[Event "EU-Cup 18th"]
[Site "Kallithea"]
[Date "2002.09.28"]
[Round "7.5"]
[White "Rasic, Damir"]
[Black "Sulypa, Oleksandr"]
[Result "1/2-1/2"]
[WhiteElo "2342"]
[BlackElo "2505"]
[PlyCount "22"]
[EventDate "2002.09.22"]
[EventType "team-swiss"]
[EventRounds "7"]
[EventCountry "GRE"]
[SourceTitle "CBM 092"]
[Source "ChessBase"]
[SourceDate "2003.02.06"]
[SourceVersion "1"]
[SourceVersionDate "2003.02.06"]
[SourceQuality "1"]
[WhiteTeam "Sarajevo Napredak"]
[BlackTeam "Karpaty"]
[WhiteTeamCountry "BIH"]
[BlackTeamCountry "UKR"]

1. e4 c5 2. Nc3 Nc6 3. g3 g6 4. Bg2 Bg7 5. d3 d6 6. f4 e5 7. Nh3 Nge7 8. 0-0 0-0 9. f5 gxf5 10. exf5 f6 11. g4 d5 1/2-1/2

[Event "EU-Cup 18th"]
[Site "Kallithea"]
[Date "2002.09.25"]
[Round "4.5"]
[White "Rasic, Damir"]
[Black "Petzold, Klaus"]
[Result "0-1"]
[WhiteElo "2342"]
[BlackElo "2257"]
[PlyCount "70"]
[EventDate "2002.09.22"]
[EventType "team-swiss"]
[EventRounds "7"]
[EventCountry "GRE"]
[SourceTitle "CBM 092"]
[Source "ChessBase"]
[SourceDate "2003.02.06"]
[SourceVersion "1"]
[SourceVersionDate "2003.02.06"]
[SourceQuality "1"]
[WhiteTeam "Sarajevo Napredak"]
[BlackTeam "Eupen Rochade"]
[WhiteTeamCountry "BIH"]
[BlackTeamCountry "BEL"]

1. e4 c6 2. d4 d5 3. Nc3 dxe4 4. Nxe4 Nd7 5. Bc4 Ngf6 6. Ng5 e6 7. Qe2 Nb6 8. Bb3 h6 9. N5f3 a5 10. a4 c5 11. Bf4 Bd6 12. Ne5 0-0 13. 0-0-0 Qe8 14. dxc5 Bxc5 15. g4 Nfd5 16. Bg3 Nxa4 17. h4 f6 18. Nd3 Be7 19. f4 Nac3 20. bxc3 Nxc3 21. Qe1 Ba3+ 22. Kd2 a4 23. Bc4 Nxd1 24. Kxd1 Qc6 25. Ba2 Qxh1 26. f5 Ra6 27. fxe6 Re8 28. Nf4 Bc5 29. Kd2 Rd6+ 30. Nd3 Rxd3+ 31. Kxd3 Qxg1 32. e7+ Kh8 33. Qxg1 Bxg1 34. Bd6 Bxg4 35. Bf7 Bd7 0-1

[Event "EU-Cup 18th"]
[Site "Kallithea"]
[Date "2002.09.24"]
[Round "3.5"]
[White "Baklan, Vladimir"]
[Black "Rasic, Damir"]
[Result "1/2-1/2"]
[WhiteElo "2614"]
[BlackElo "2342"]
[PlyCount "129"]
[EventDate "2002.09.22"]
[EventType "team-swiss"]
[EventRounds "7"]
[EventCountry "GRE"]
[SourceTitle "CBM 092"]
[Source "ChessBase"]
[SourceDate "2003.02.06"]
[SourceVersion "1"]
[SourceVersionDate "2003.02.06"]
[SourceQuality "1"]
[WhiteTeam "Kazan Ladya"]
[BlackTeam "Sarajevo Napredak"]
[WhiteTeamCountry "RUS"]
[BlackTeamCountry "BIH"]

1. e4 e6 2. d4 d5 3. Nc3 dxe4 4. Nxe4 Nd7 5. Nf3 Ngf6 6. Nxf6+ Nxf6 7. c3 h6 8. Bd3 Bd6 9. Be3 Qe7 10. Ne5 0-0 11. Qf3 Rd8 12. 0-0-0 Nd5 13. h4 Nxe3 14. fxe3 Rb8 15. g4 Bxe5 16. Qe4 f5 17. Qxe5 Qd6 18. Rhg1 Qxe5 19. dxe5 Kf7 20. gxf5 exf5 21. Bc4+ Be6 22. Bxe6+ Kxe6 23. Rxg7 Rxd1+ 24. Kxd1 c6 25. Ke2 Kxe5 26. Rh7 a5 27. Rxh6 Rg8 28. Kf3 Rd8 29. Rh7 b5 30. Re7+ Kf6 31. Rc7 Rd6 32. b3 Ke5 33. Re7+ Kf6 34. Rh7 Ke5 35. Re7+ Kf6 36. Ra7 Rd3 37. Ke2 Rxc3 38. Kd2 Rc5 39. Rxa5 Rd5+ 40. Ke2 Rd8 41. Ra6 Rd6 42. Kf3 Ke5 43. a4 bxa4 44. Ra5+ Kf6 45. Rxa4 c5 46. Rc4 Rd3 47. Rxc5 Rxb3 48. Rc6+ Ke5 49. Rh6 Rb1 50. Rh8 Kf6 51. Rf8+ Kg6 52. Rg8+ Kf7 53. Rg2 Rh1 54. Kg3 Kg6 55. Rh2 Rg1+ 56. Kf3 Kh5 57. Rf2 Rg4 58. Ke2 Kg6 59. h5+ Kg5 60. Rh2 Kh6 61. Kf3 Ra4 62. Rh3 Rb4 63. Kg3 f4+ 64. exf4 Rb3+ 65. Kg4 1/2-1/2

[Event "CRO-chT"]
[Site "Medulin"]
[Date "2002.09.17"]
[Round "9"]
[White "Fucak, Emilijo"]
[Black "Rasic, Damir"]
[Result "1/2-1/2"]
[WhiteElo "2317"]
[BlackElo "2342"]
[PlyCount "25"]
[EventDate "2002.09.09"]
[EventType "team"]
[EventRounds "9"]
[EventCountry "CRO"]
[SourceTitle "CBM 090 Extra"]
[Source "ChessBase"]
[SourceDate "2002.11.07"]
[SourceVersion "1"]
[SourceVersionDate "2002.11.07"]
[SourceQuality "1"]

1. c4 e5 2. Nc3 Nc6 3. g3 g6 4. Bg2 Bg7 5. d3 d6 6. Nf3 Nge7 7. 0-0 0-0 8. a3 h6 9. Bd2 Be6 10. b4 Qd7 11. Re1 f5 12. Qc1 Kh7 13. b5 1/2-1/2

[Event "CRO-chT"]
[Site "Medulin"]
[Date "2002.09.15"]
[Round "7"]
[White "Zaja, Ivan"]
[Black "Rasic, Damir"]
[Result "1-0"]
[WhiteElo "2459"]
[BlackElo "2342"]
[PlyCount "87"]
[EventDate "2002.09.09"]
[EventType "team"]
[EventRounds "9"]
[EventCountry "CRO"]
[SourceTitle "CBM 090 Extra"]
[Source "ChessBase"]
[SourceDate "2002.11.07"]
[SourceVersion "1"]
[SourceVersionDate "2002.11.07"]
[SourceQuality "1"]

1. d4 Nf6 2. c4 g6 3. Nc3 Bg7 4. e4 d6 5. f3 0-0 6. Be3 e5 7. Nge2 c6 8. Qd2 Nbd7 9. d5 cxd5 10. cxd5 a6 11. g4 b5 12. Nc1 Nb6 13. b3 b4 14. Nd1 Rb8 15. h4 Qc7 16. h5 a5 17. Ne2 Ba6 18. Rc1 Qe7 19. Ng3 Bxf1 20. Kxf1 Nfd7 21. Nf2 Rfc8 22. Kg2 Nc5 23. Nd3 Nbd7 24. Nxc5 dxc5 25. hxg6 fxg6 26. Qd3 Qd6 27. Nf1 Bf8 28. Nd2 Nb6 29. Rc2 Rc7 30. Rhc1 Rbc8 31. Qf1 h5 32. g5 Nd7 33. Nc4 Qa6 34. Qd3 Qa8 35. Rf1 Re8 36. f4 Bg7 37. f5 gxf5 38. Rxf5 Nf8 39. Qe2 h4 40. Qh5 a4 41. Rcf2 axb3 42. axb3 Rd8 43. g6 Rdd7 44. Nb6 1-0

[Event "BIH-chT"]
[Site "Neum"]
[Date "2002.06.04"]
[Round "4.5"]
[White "Mehmedovic, Mirza"]
[Black "Rasic, Damir"]
[Result "1/2-1/2"]
[WhiteElo "2259"]
[BlackElo "2342"]
[PlyCount "63"]
[EventDate "2002.06.02"]
[EventType "team"]
[EventRounds "9"]
[EventCountry "BIH"]
[SourceTitle "CBM 090"]
[Source "ChessBase"]
[SourceDate "2002.09.20"]
[SourceVersion "1"]
[SourceVersionDate "2002.09.20"]
[SourceQuality "1"]
[WhiteTeam "Bugojno"]
[BlackTeam "Sarajevo Napredak"]
[WhiteTeamCountry "BIH"]
[BlackTeamCountry "BIH"]

1. e4 c5 2. c3 d5 3. exd5 Qxd5 4. Nf3 Nf6 5. Na3 Nc6 6. Qa4 Bg4 7. Be2 e6 8. Nc4 Rc8 9. Ne3 Qh5 10. h3 Bxf3 11. Bxf3 Qe5 12. 0-0 Bd6 13. g3 Bb8 14. d4 cxd4 15. cxd4 Qc7 16. d5 exd5 17. Nxd5 Nxd5 18. Bxd5 0-0 19. Bxc6 Qxc6 20. Qxc6 Rxc6 21. Be3 Be5 22. Rab1 a6 23. Rfc1 Rfc8 24. b3 f6 25. Rxc6 Rxc6 26. Rc1 Rxc1+ 27. Bxc1 Kf7 28. Kf1 Ke6 29. Ke2 Kd5 30. Kd3 f5 31. Bd2 g6 32. Bc1 1/2-1/2

[Event "BIH-chT"]
[Site "Neum"]
[Date "2002.06.02"]
[Round "1.5"]
[White "Rasic, Damir"]
[Black "Rosic, Slavko S"]
[Result "0-1"]
[WhiteElo "2342"]
[BlackElo "2381"]
[PlyCount "120"]
[EventDate "2002.06.02"]
[EventType "team"]
[EventRounds "9"]
[EventCountry "BIH"]
[SourceTitle "CBM 090"]
[Source "ChessBase"]
[SourceDate "2002.09.20"]
[SourceVersion "1"]
[SourceVersionDate "2002.09.20"]
[SourceQuality "1"]
[WhiteTeam "Sarajevo Napredak"]
[BlackTeam "Bijeljina"]
[WhiteTeamCountry "BIH"]
[BlackTeamCountry "BIH"]

1. e4 c6 2. d4 d5 3. Nc3 e6 4. Nf3 Nf6 5. Bd3 b6 6. e5 Nfd7 7. Ng5 Be7 8. h4 Ba6 9. Qh5 Bxg5 10. Bxg5 Qc8 11. 0-0-0 c5 12. Rh3 cxd4 13. Bxa6 Qxa6 14. Nxd5 exd5 15. e6 0-0 16. exd7 Nxd7 17. Be7 Qxa2 18. Ra3 Qc4 19. Bxf8 Nxf8 20. Qf5 Ne6 21. g3 a5 22. f4 Rc8 23. Qd3 Qc6 24. Kb1 a4 25. f5 Nc7 26. c4 b5 27. cxd5 Nxd5 28. Qxd4 b4 29. Rad3 a3 30. R1d2 axb2 31. Qxb2 Nc3+ 32. Kc2 Na4+ 33. Kb1 Nxb2 34. Rd8+ Qe8 35. Rxe8+ Rxe8 36. Kxb2 h5 37. Rd3 Kf8 38. Kb3 Re4 39. Rd8+ Ke7 40. Rh8 g6 41. fxg6 fxg6 42. Rb8 Re3+ 43. Kxb4 Rxg3 44. Kc5 Rg4 45. Rb6 Kf7 46. Rb7+ Kf6 47. Kd5 Rxh4 48. Rb8 Ra4 49. Rf8+ Kg5 50. Rf1 h4 51. Rg1+ Rg4 52. Rh1 Ra4 53. Rg1+ Kh5 54. Rh1 g5 55. Ke5 Rf4 56. Rh2 Rf1 57. Ke4 g4 58. Ke3 h3 59. Ra2 Kh4 60. Rb2 Kg3 0-1

[Event "Bizovac Metalis op 09th"]
[Site "Bizovac"]
[Date "2002.02.24"]
[Round "7"]
[White "Rasic, Damir"]
[Black "Bender, Ivan"]
[Result "1-0"]
[WhiteElo "2338"]
[BlackElo "2205"]
[PlyCount "49"]
[EventDate "2002.02.21"]
[EventType "swiss"]
[EventRounds "7"]
[EventCountry "CRO"]
[SourceTitle "CBM 086 Extra"]
[Source "ChessBase"]
[SourceDate "2002.03.14"]
[SourceVersion "1"]
[SourceVersionDate "2002.03.14"]
[SourceQuality "1"]

1. e4 c5 2. Nc3 a6 3. g3 b5 4. Bg2 Bb7 5. d3 e6 6. Nf3 d5 7. exd5 exd5 8. d4 Nf6 9. 0-0 c4 10. Nh4 b4 11. Re1+ Kd7 12. Na4 Kc6 13. c3 Qa5 14. Bd2 Nbd7 15. b3 Nb6 16. Nxb6 Kxb6 17. bxc4 dxc4 18. Re5 Qa3 19. Bxb7 Kxb7 20. Qf3+ Ka7 21. Qc6 Rb8 22. Be3 Rb7 23. d5+ Ka8 24. d6 Qxc3 25. Qc8+ 1-0

[Event "CRO-chT"]
[Site "Pula"]
[Date "2001.09.11"]
[Round "2"]
[White "Rasic, Damir"]
[Black "Leventic, Ivan"]
[Result "1/2-1/2"]
[WhiteElo "2284"]
[BlackElo "2416"]
[PlyCount "93"]
[EventDate "2001.09.10"]
[EventType "team"]
[EventRounds "9"]
[EventCountry "CRO"]
[SourceTitle "CBM 084 Extra"]
[Source "ChessBase"]
[SourceDate "2001.10.26"]
[SourceVersion "1"]
[SourceVersionDate "2001.10.26"]
[SourceQuality "1"]

1. e4 e5 2. Nf3 Nc6 3. Bc4 Nf6 4. d3 Be7 5. 0-0 0-0 6. c3 d5 7. exd5 Nxd5 8. Re1 Bg4 9. h3 Bh5 10. Nbd2 Nb6 11. Bb5 f6 12. Bxc6 bxc6 13. Ne4 Re8 14. Ng3 Bg6 15. d4 exd4 16. Nxd4 Qd5 17. Bf4 Bd6 18. Qg4 Nc4 19. Ndf5 Qf7 20. Bxd6 cxd6 21. b3 Ne5 22. Qd4 Bxf5 23. Nxf5 Qg6 24. Qf4 d5 25. Re3 Qh5 26. Rae1 Re6 27. Nd4 Ree8 28. Qg3 c5 29. Nb5 Rad8 30. f4 Nc6 31. Re6 Rc8 32. Nd6 Rxe6 33. Rxe6 Rd8 34. Nb7 Rc8 35. Nxc5 d4 36. Ne4 Qf5 37. Nxf6+ Kf7 38. Nxh7 Qxh7 39. Qg4 dxc3 40. Rxc6 Rxc6 41. Qd7+ Kf8 42. Qxc6 Qb1+ 43. Kh2 c2 44. Qc5+ Kf7 45. Qc4+ Kf8 46. Qc5+ Kf7 47. Qc4+ 1/2-1/2

[Event "Ajvatovica IM"]
[Site "Donji Vakuf"]
[Date "2001.06.18"]
[Round "6"]
[White "Rasic, Damir"]
[Black "Kovacevic, Vlatko"]
[Result "0-1"]
[WhiteElo "2283"]
[BlackElo "2507"]
[PlyCount "56"]
[EventDate "2001.06.15"]
[EventType "tourn"]
[EventRounds "9"]
[EventCountry "BIH"]
[EventCategory "5"]
[SourceTitle "CBM 082 Extra"]
[Source "ChessBase"]
[SourceDate "2001.07.03"]
[SourceVersion "1"]
[SourceVersionDate "2001.07.03"]
[SourceQuality "1"]

1. e4 e6 2. d4 d5 3. Nc3 a6 4. Nf3 Nf6 5. Bg5 Be7 6. Bxf6 Bxf6 7. Qd2 b5 8. Bd3 Bb7 9. Qf4 g5 10. Qe3 g4 11. Nd2 c5 12. e5 cxd4 13. Qxd4 Nc6 14. Qxg4 Nxe5 15. Qe2 Rg8 16. Bxh7 Rxg2 17. 0-0-0 Qb6 18. Qh5 Rxf2 19. Rhe1 Qc7 20. Rf1 Rxf1 21. Rxf1 Ke7 22. Qh6 Nd7 23. Nf3 Rh8 24. Ne2 Qc4 25. Ng3 Qxa2 26. c3 b4 27. Nd4 bxc3 28. Rxf6 cxb2+ 0-1

[Event "Pula op 15th"]
[Site "Pula"]
[Date "2001.05.23"]
[Round "6"]
[White "Cebalo, Miso"]
[Black "Rasic, Damir"]
[Result "1-0"]
[WhiteElo "2465"]
[BlackElo "2283"]
[PlyCount "79"]
[EventDate "2001.05.18"]
[EventType "swiss"]
[EventRounds "9"]
[EventCountry "CRO"]
[SourceTitle "CBM 082 Extra"]
[Source "ChessBase"]
[SourceDate "2001.07.03"]
[SourceVersion "1"]
[SourceVersionDate "2001.07.03"]
[SourceQuality "1"]

1. d4 Nf6 2. c4 g6 3. Nc3 Bg7 4. e4 d6 5. f4 0-0 6. Nf3 c5 7. d5 e6 8. Be2 exd5 9. cxd5 Bg4 10. 0-0 Nbd7 11. Re1 Re8 12. h3 Bxf3 13. Bxf3 Qa5 14. Be3 b5 15. a3 Nb6 16. Bf2 Nc4 17. Qc2 Nd7 18. Be2 Rab8 19. a4 b4 20. Nb5 Nxb2 21. Nxd6 b3 22. Qb1 Red8 23. e5 Nxa4 24. Bd1 Rb4 25. Bxb3 Rdb8 26. Qa2 Rxb3 27. Qxa4 Qxa4 28. Rxa4 Nb6 29. Rxa7 Nxd5 30. g3 Rf8 31. h4 h6 32. Kg2 Rb2 33. Kf3 Nb4 34. Re2 Rb3+ 35. Re3 Rb2 36. Rc3 Rd2 37. Bxc5 Nc6 38. Ra6 Nxe5+ 39. fxe5 Bxe5 40. Re3 1-0

[Event "Pula op 15th"]
[Site "Pula"]
[Date "2001.05.22"]
[Round "5"]
[White "Rasic, Damir"]
[Black "Novkovic, Milan"]
[Result "1-0"]
[WhiteElo "2283"]
[BlackElo "2406"]
[PlyCount "105"]
[EventDate "2001.05.18"]
[EventType "swiss"]
[EventRounds "9"]
[EventCountry "CRO"]
[SourceTitle "CBM 082 Extra"]
[Source "ChessBase"]
[SourceDate "2001.07.03"]
[SourceVersion "1"]
[SourceVersionDate "2001.07.03"]
[SourceQuality "1"]

1. e4 e6 2. d4 d5 3. Nc3 Nf6 4. Bg5 Bb4 5. e5 h6 6. Bd2 Bxc3 7. bxc3 Ne4 8. Qg4 Kf8 9. h4 c5 10. Bd3 Nxd2 11. Kxd2 Nc6 12. Rh3 c4 13. Be2 Ne7 14. Qf4 Ng6 15. Qg3 Bd7 16. h5 Ne7 17. Nf3 b5 18. Qf4 Nc6 19. a3 Qe7 20. g4 Ke8 21. g5 Kd8 22. gxh6 gxh6 23. Rg3 Kc7 24. Rg7 Raf8 25. Nh2 Be8 26. Ng4 a5 27. Qf6 Bd7 28. Qxe7 Nxe7 29. Nf6 Nf5 30. Rg2 Rb8 31. Rgg1 Bc6 32. Bf1 b4 33. Bh3 b3 34. Bxf5 exf5 35. Rg7 Rhf8 36. cxb3 cxb3 37. e6 Kd6 38. exf7 b2 39. Rb1 Rb7 40. Rg6 Kc7 41. Ne8+ Bxe8 42. fxe8Q Rxe8 43. Rxh6 Rb3 44. Rf6 Reb8 45. a4 Ra3 46. Rxf5 Rxa4 47. Rxd5 Ra2 48. h6 a4 49. Rh5 Ra1 50. Kc2 a3 51. Rhh1 Rf8 52. Rxa1 Rxf2+ 53. Kb3 1-0

[Event "Pula op 15th"]
[Site "Pula"]
[Date "2001.05.19"]
[Round "2"]
[White "Rogic, Davor"]
[Black "Rasic, Damir"]
[Result "1-0"]
[WhiteElo "2457"]
[BlackElo "2283"]
[PlyCount "71"]
[EventDate "2001.05.18"]
[EventType "swiss"]
[EventRounds "9"]
[EventCountry "CRO"]
[SourceTitle "CBM 082 Extra"]
[Source "ChessBase"]
[SourceDate "2001.07.03"]
[SourceVersion "1"]
[SourceVersionDate "2001.07.03"]
[SourceQuality "1"]

1. e4 c5 2. Nf3 d6 3. d4 cxd4 4. Nxd4 Nf6 5. Nc3 a6 6. Be2 e5 7. Nb3 Be7 8. 0-0 0-0 9. Re1 Be6 10. Bf1 Nbd7 11. Nd5 Nxd5 12. exd5 Bf5 13. a4 Rc8 14. c3 Bg6 15. a5 Bg5 16. Bxg5 Qxg5 17. Qd2 Qd8 18. Ra4 f5 19. Rb4 Rc7 20. f4 Bf7 21. c4 Qf6 22. fxe5 Nxe5 23. Nd4 Rfc8 24. b3 Re7 25. Rb6 Rce8 26. Re2 Ng4 27. Rxe7 Rxe7 28. c5 Bxd5 29. h3 Ne3 30. cxd6 Re5 31. d7 Qe7 32. Nc6 bxc6 33. Rb8+ Kf7 34. d8Q Qc5 35. Qf2 Qc1 36. Qf8+ 1-0

[Event "Bizovac Metalis op 08th"]
[Site "Bizovac"]
[Date "2001.02.25"]
[Round "7"]
[White "Njirjak, Josip"]
[Black "Rasic, Damir"]
[Result "0-1"]
[WhiteElo "2332"]
[BlackElo "2280"]
[PlyCount "88"]
[EventDate "2001.02.22"]
[EventType "swiss"]
[EventRounds "7"]
[EventCountry "CRO"]
[SourceTitle "CBM 080 Extra"]
[Source "ChessBase"]
[SourceDate "2001.03.08"]
[SourceVersion "1"]
[SourceVersionDate "2001.03.08"]
[SourceQuality "1"]

1. Nf3 Nf6 2. c4 g6 3. g3 Bg7 4. Bg2 0-0 5. 0-0 d6 6. Nc3 Nc6 7. d3 e5 8. Rb1 Bf5 9. b4 Qd7 10. b5 Nd8 11. e4 Bg4 12. Nd5 Ne8 13. Ne3 Bh3 14. Nd2 Bxg2 15. Nxg2 f5 16. exf5 gxf5 17. f4 Ne6 18. Bb2 Nc5 19. Nf3 e4 20. Nfe1 exd3 21. Nxd3 Ne4 22. Nf2 Nc5 23. Bxg7 Qxg7 24. Qd5+ Kh8 25. Rbe1 Qd7 26. Re2 Nf6 27. Qd4 Kg8 28. Nh4 a6 29. b6 cxb6 30. Rfe1 Rf7 31. Rd1 Rd8 32. Qb2 Nfe4 33. Rd5 Na4 34. Qd4 Nec3 35. Re3 Nxd5 36. Qxd5 Nc5 37. Nf3 h6 38. Nd4 Rdf8 39. g4 fxg4 40. Nxg4 Kh7 41. Qh5 Qxg4+ 42. Qxg4 Rg8 43. Qxg8+ Kxg8 44. f5 Rg7+ 0-1

[Event "EU-ch U18"]
[Site "Chalkidiki"]
[Date "2000.10.08"]
[Round "7"]
[White "Pataki, Gyozo"]
[Black "Rasic, Damir"]
[Result "1-0"]
[WhiteElo "2294"]
[BlackElo "2252"]
[PlyCount "67"]
[EventDate "2000.10.02"]
[EventType "swiss"]
[EventRounds "9"]
[EventCountry "GRE"]
[SourceTitle "CBM 078 Extra"]
[Source "ChessBase"]
[SourceDate "2000.11.10"]
[SourceVersion "1"]
[SourceVersionDate "2000.11.10"]
[SourceQuality "1"]

1. d4 Nf6 2. c4 g6 3. Nc3 Bg7 4. e4 d6 5. Bd3 e5 6. d5 Na6 7. Nge2 Nc5 8. Bc2 a5 9. 0-0 0-0 10. f3 Ne8 11. Be3 f5 12. exf5 gxf5 13. f4 Qe7 14. Qd2 Bd7 15. fxe5 dxe5 16. Bg5 Qf7 17. Ng3 Nd6 18. b3 b6 19. Rae1 Rae8 20. Bd1 Bc8 21. Bh5 Qd7 22. Bxe8 Qxe8 23. Bh6 Qg6 24. Bxg7 Qxg7 25. Qe2 Re8 26. Nb5 Nxb5 27. cxb5 Qg6 28. Qc2 Bd7 29. Nxf5 Bxb5 30. Rf3 Kh8 31. Qc3 Qf6 32. Ng3 Qg7 33. Nh5 Qg5 34. Rxe5 1-0

[Event "CRO-chT"]
[Site "Pula"]
[Date "2000.09.18"]
[Round "8"]
[White "Voscilla, Adriano"]
[Black "Rasic, Damir"]
[Result "0-1"]
[WhiteElo "2292"]
[BlackElo "2252"]
[PlyCount "67"]
[EventDate "2000.09.??"]
[EventType "team"]
[EventRounds "9"]
[EventCountry "CRO"]
[SourceTitle "CBM 078 Extra"]
[Source "ChessBase"]
[SourceDate "2000.11.10"]
[SourceVersion "1"]
[SourceVersionDate "2000.11.10"]
[SourceQuality "1"]

1. Nf3 Nf6 2. g3 g6 3. Bg2 Bg7 4. d4 0-0 5. c4 d6 6. Nc3 Nc6 7. d5 Na5 8. Nd2 c6 9. b4 Nxd5 10. Nxd5 cxd5 11. Rb1 Nxc4 12. Bxd5 Nb6 13. Bg2 Bf5 14. e4 Be6 15. Nb3 Bc4 16. Bb2 Rc8 17. h4 Bxb2 18. Rxb2 Na4 19. Rd2 Qb6 20. a3 Nc3 21. Qc2 Nb5 22. Qb2 Bxb3 23. Qxb3 Rc3 24. Qb2 Rfc8 25. 0-0 Rxa3 26. e5 Rxg3 27. h5 gxh5 28. Re1 Rg6 29. Kh1 Qc7 30. Be4 Rg7 31. f4 Kh8 32. exd6 Nxd6 33. Rc2 Qd7 34. Rg1 0-1

[Event "CRO-chT"]
[Site "Pula"]
[Date "2000.09.15"]
[Round "5"]
[White "Mufic, Goran"]
[Black "Rasic, Damir"]
[Result "1/2-1/2"]
[WhiteElo "2364"]
[BlackElo "2252"]
[PlyCount "84"]
[EventDate "2000.09.??"]
[EventType "team"]
[EventRounds "9"]
[EventCountry "CRO"]
[SourceTitle "CBM 078 Extra"]
[Source "ChessBase"]
[SourceDate "2000.11.10"]
[SourceVersion "1"]
[SourceVersionDate "2000.11.10"]
[SourceQuality "1"]

1. d4 Nf6 2. Nf3 g6 3. Bg5 Bg7 4. Nbd2 d5 5. e3 0-0 6. Bd3 Nbd7 7. 0-0 c5 8. c3 Re8 9. Qe2 e5 10. Nxe5 Nxe5 11. dxe5 Rxe5 12. f4 Re8 13. f5 Qd6 14. Qf3 Rf8 15. Rae1 Bxf5 16. Bxf5 gxf5 17. Qxf5 Nd7 18. e4 d4 19. e5 Qe6 20. cxd4 cxd4 21. Qxe6 fxe6 22. Nf3 Rae8 23. Bh4 Rf5 24. Bg3 d3 25. Re3 Nc5 26. Rd1 Bh6 27. Ree1 Rd8 28. Bf2 Na4 29. Be3 Bxe3+ 30. Rxe3 Nxb2 31. Rd2 Nc4 32. Rdxd3 Rxd3 33. Rxd3 Nxe5 34. Rd8+ Kf7 35. Nxe5+ Rxe5 36. Rd7+ Kg6 37. Rxb7 Ra5 38. Rb2 Ra3 39. Rf2 e5 40. g3 Kg5 41. Kg2 h5 42. Kh3 h4 1/2-1/2

[Event "BIH-chT"]
[Site "Neum"]
[Date "2000.??.??"]
[Round "7"]
[White "Rasic, Damir"]
[Black "Pasic, Enes"]
[Result "1/2-1/2"]
[WhiteElo "2252"]
[BlackElo "2254"]
[PlyCount "63"]
[EventDate "2000.08.25"]
[EventType "team"]
[EventRounds "9"]
[EventCountry "BIH"]
[SourceTitle "EXT 2006"]
[Source "ChessBase"]
[SourceDate "2005.11.24"]
[SourceVersion "1"]
[SourceVersionDate "2005.11.24"]
[SourceQuality "1"]

1. e4 d5 2. exd5 Nf6 3. d4 Nxd5 4. Nf3 g6 5. Be2 Bg7 6. 0-0 0-0 7. c3 Nc6 8. Nbd2 Bg4 9. h3 Bxf3 10. Nxf3 e5 11. Nxe5 Nxe5 12. dxe5 Bxe5 13. Bf3 c6 14. Re1 Re8 15. Bxd5 cxd5 16. Be3 Qa5 17. Qd2 d4 18. Bxd4 Bxd4 19. Rxe8+ Rxe8 20. Qxd4 Re2 21. Qf6 Qf5 22. Qd4 Rxb2 23. Qxa7 b6 24. Qb8+ Kg7 25. Qg3 Qc5 26. Rd1 Rxa2 27. Rd7 Qf5 28. Rd6 Ra1+ 29. Kh2 Ra2 30. Kg1 Ra1+ 31. Kh2 Ra2 32. Kg1 1/2-1/2